Zbierka príkladov z účtovníctva Pre predmet Didaktika účtovníctva

Saved in:
Bibliographic Details
Main Author: Rigáňová, Alžbeta
Corporate Author: Vysoká škola ekonomická v Bratislave. Národohospodárska fakulta
Format: Book
Language:Slovak
Published: Bratislava Vysoká škola ekonomická 1991
Edition:1. vyd.
Tags: Add Tag
No Tags, Be the first to tag this record!

MARC

LEADER 00000nam a2200000 4500
001 c024089
005 20221214095419.3
041 0 |a slo 
044 |a SK 
245 1 0 |a Zbierka príkladov z účtovníctva  |b Pre predmet Didaktika účtovníctva  |c Alžbeta Rigaňová 
250 |a 1. vyd. 
264 1 |a Bratislava  |b Vysoká škola ekonomická  |c 1991 
300 |a 119 s. 
100 1 |a Rigáňová, Alžbeta 
710 2 |a Vysoká škola ekonomická v Bratislave. Národohospodárska fakulta